Normal view
MARC view
- Incorporación de la perspectiva de género
Entry Materia
001 - NÚMERO DE CONTROL DEL REGISTRO
- campo de control: 48360
003 - IDENTIFICADOR DE NUMERO DE CONTROL
- campo de control: UPN
005 - FECHA Y HORA DE LA ÚLTIMA TRANSACCIÓN
- campo de control: 20230316115248.0
008 - DATOS DE LONGITUD FIJA
- campo de control de longitud fija: 230316|| fnzn|baba | a|a d
040 ## - FUENTE DE LA CATALOGACIÓN
- Centro catalogador de origen: MX-MxUPN
- Lengua de catalogación: spa
046 ## - FECHAS CON CODIFICACIÓN ESPECIAL
- Fecha final para contenidos agregados: 2023
150 ## - ENCABEZAMIENTO - TEMÁTICO
- Término de materia o nombre geográfico como elemento inicial: Incorporación de la perspectiva de género
- Subdivisión de materia general: Aspectos jurídicos
670 ## - FUENTE EN LA QUE SE LOCALIZARON DATOS
- Cita de la fuente: Autoridades BGTQ, 16 marzo 2023:
- Información localizada: (Incorporación de la perspectiva de género)
670 ## - FUENTE EN LA QUE SE LOCALIZARON DATOS
- Cita de la fuente: Autoridades BGTQ, 16 marzo 2023:
- Información localizada: (Subdivisión general: Aspectos jurídicos)
902 ## - CATALOGADOR
- Catalogador: VíctorGodínez/160323
